Отцы-основатели США - Армагеддон - Statistics

General Stats
  • This quiz has been taken 38 times
  • The average score is 3 of 7
Answers on the Grid
Answers color-coded by a green-red scale on the quiz's grid according to % correct below.
Александр Гамильтон
Джон Уилкс Бут
Сэмюэл Хьюстон
Энтони Перкинс
Говард Хьюз
Герберт Гувер
Фенимор Купер
Бенджамин Франклин
Джефферсон Дэвис
Гарриет Бичер-Стоу
Гарольд Роббинс
Джон Адамс
Джон Гришэм
Джордж Вашингтон
Джон Джей
Джеймс Мэдисон
Эндрю Джексон
Джон Форбс Нэш
Вудро Вильсон
Роберт Фрост
Джеймс Бьюкенен
Джордж Даллас
Авраам Линкольн
Роберт Ли
Вашингтон Ирвинг
Улисс Грант
Томас Джефферсон
Уильям Мак-Кинли
Орсон Уэллс
Фрэнсис Дрейк
 
Answer Stats
Answer % Correct
Джордж Вашингтон
68%
Александр Гамильтон
59%
Бенджамин Франклин
50%
Томас Джефферсон
41%
Джон Адамс
32%
Джеймс Мэдисон
32%
Джон Джей
5%
No matching quizzes found
Score Distribution
Percent of People with Each Score
Percentile by Number Answered
Your Score History
You have not taken this quiz